Largest Cities North of 50°N Latitude - Statistics

General Stats
  • This quiz has been taken 30 times
  • The average score is 22 of 27
Answer Stats
# Population Coordinates Nat. Answer % Correct
2 15,100,000 51°30′26″N 0°7′39″W 🇬🇧 London
100%
1 18,800,000 55°45′21″N 37°37′04″E 🇷🇺 Moscow
100%
6 4,700,000 52°31′12″N 13°24′18″E 🇩🇪 Berlin
96%
4 6,350,000 59°56′15″N 30°18′31″E 🇷🇺 Saint Petersburg
96%
21 1,800,000 55°40′34″N 12°34′06″E 🇩🇰 Copenhagen
93%
11 2,900,000 53°33′N 10°00′E 🇩🇪 Hamburg
93%
5 6,100,000 53.4790°N 2.2452°W 🇬🇧 Manchester
93%
15 2,325,000 59°19′46″N 18°4′7″E 🇸🇪 Stockholm
93%
7 3,975,000 52°28′48″N 1°54′9″W 🇬🇧 Birmingham
89%
25 1,560,000 60°10′15″N 24°56′15″E 🇫🇮 Helsinki
89%
18 2,100,000 53°54′02″N 27°33′31″E 🇧🇾 Minsk
89%
14 2,475,000 52°13′48″N 21°00′40″E 🇵🇱 Warsaw
89%
13 2,575,000 52°22′22″N 04°53′37″E 🇳🇱 Amsterdam
86%
10 3,225,000 50°06′38″N 08°40′56″E 🇩🇪 Frankfurt
86%
22 1,710,000 55°51′40″N 04°15′00″W 🇬🇧 Glasgow
86%
8 3,475,000 50°27′00″N 30°31′24″E 🇺🇦 Kyïv
86%
27 1,550,000 53°21′00″N 06°15′37″W 🇮🇪 Dublin
82%
9 3,450,000 51.92°N 4.48°E 🇳🇱 Rotterdam
82%
24 1,600,000 51°8′N 71°26′E 🇰🇿 Astana
79%
12 2,800,000 50°50′48″N 04°21′09″E 🇧🇪 Brussels
79%
17 2,175,000 53°47′51″N 01°32′37″W 🇬🇧 Leeds
71%
3 10,900,000 51°27′N 6°53′E 🇩🇪 Rhine-Ruhr Area
71%
20 1,810,000 56°50′08″N 60°36′46″E 🇷🇺 Yekaterinburg
68%
16 2,200,000 50°15′45″N 19°01′18″E 🇵🇱 Katowice
64%
23 1,620,000 56°19′37″N 44°00′27″E 🇷🇺 Nizhny Novgorod
64%
19 1,820,000 55°03′N 82°57′E 🇷🇺 Novosibirsk
64%
25 1,560,000 55°47′47″N 49°06′32″E 🇷🇺 Kazan
50%
No matching quizzes found
Score Distribution
Percent of People with Each Score
Percentile by Number Answered
Your Score History
You have not taken this quiz